[Event "Benidorm 2009 - Open Master Bali"]
[Site "Benidorm"]
[Date "2009.12.06"]
[Round "5.4"]
[White "Agrest, Evgenij"]
[Black "Moskalenko, Viktor"]
[Result "1/2-1/2"]
[WhiteElo "2588"]
[BlackElo "2538"]
[PlyCount "98"]
[EventDate "2009.12.05"]
[EventType "swiss (rapid)"]
[EventRounds "11"]
[EventCountry "ESP"]
[Source "lmi"]
[SourceDate "2009.12.05"]

1. Nf3 f5 2. c4 Nf6 3. g3 e6 4. Bg2 d5 5. O-O c6 6. b3 Bd6 7. Bb2 Qe7 8. Qc2
O-O 9. Nc3 Ne4 10. d3 Nxc3 11. Qxc3 Nd7 12. cxd5 exd5 13. e3 Nf6 14. Nd4 Bd7
15. a3 a5 16. Rfe1 c5 17. Nf3 b6 18. Ne5 Be6 19. Qc2 Rac8 20. Nf3 Bd7 21. Qd2
Bc6 22. Bc3 Rce8 23. Qc2 Qb7 24. Nh4 g6 25. Qb2 Be7 26. b4 axb4 27. axb4 d4 28.
exd4 Bxg2 29. Nxg2 cxb4 30. Bxb4 Bxb4 31. Qxb4 Nd5 32. Qb3 Qf7 33. Re5 Rd8 34.
Ne3 Nf6 35. Qxf7+ Rxf7 36. Ra4 Rfd7 37. Re6 Nd5 38. Nxd5 Rxd5 39. Rxb6 Rxd4 40.
Rxd4 Rxd4 41. Rb3 f4 42. Kg2 fxg3 43. hxg3 h5 44. Kf3 Rd7 45. Ke3 Re7+ 46. Kd4
Re2 47. Rb8+ Kf7 48. Rb7+ Kf6 49. Rb8 Kf7 1/2-1/2

[Event "Benidorm 2009 - Open Master Bali"]
[Site "Benidorm"]
[Date "2009.12.06"]
[Round "5.5"]
[White "Glek, Igor"]
[Black "Illescas Cordoba, Miguel"]
[Result "1-0"]
[WhiteElo "2522"]
[BlackElo "2595"]
[PlyCount "91"]
[EventDate "2009.12.05"]
[EventType "swiss (rapid)"]
[EventRounds "11"]
[EventCountry "ESP"]
[Source "lmi"]
[SourceDate "2009.12.05"]

1. e4 c5 2. Nf3 Nc6 3. Bb5 Nf6 4. Nc3 g6 5. h3 Bg7 6. e5 Ng8 7. Bxc6 dxc6 8.
Ne4 Bxe5 9. Nxe5 Qd5 10. d3 Qxe5 11. Bd2 f6 12. O-O Bf5 13. Re1 Qd5 14. c4 Qxd3
15. Nxc5 Qc2 16. Nxb7 Kf7 17. Bc3 Qxd1 18. Raxd1 Nh6 19. g4 Be6 20. b3 Rhe8 21.
Ba5 Bc8 22. Nd8+ Kg7 23. Nxc6 Ng8 24. Re3 g5 25. Nb4 e5 26. Nd5 Rf8 27. Nc7 Rb8
28. Red3 Ne7 29. Rd6 Ng6 30. Rd8 Nf4 31. Kh2 Be6 32. Rxb8 Rxb8 33. Rd6 Bf7 34.
Bd2 Ne2 35. Nb5 Rb7 36. Be3 h5 37. Bxa7 hxg4 38. hxg4 Be8 39. Bb6 Bxb5 40. cxb5
Kg6 41. Bd8 Kf7 42. Rxf6+ Ke8 43. Rd6 Rh7+ 44. Kg2 Nf4+ 45. Kf3 Ra7 46. a4 1-0

[Event "Benidorm 2009 - Open Master Bali"]
[Site "Benidorm"]
[Date "2009.12.06"]
[Round "6.1"]
[White "Glek, Igor"]
[Black "Tiviakov, Sergei"]
[Result "0-1"]
[WhiteElo "2522"]
[BlackElo "2664"]
[PlyCount "41"]
[EventDate "2009.12.05"]
[EventType "swiss (rapid)"]
[EventRounds "11"]
[EventCountry "ESP"]
[Source "lmi"]
[SourceDate "2009.12.05"]

1. e4 d5 2. exd5 Qxd5 3. Nc3 Qd6 4. d4 Nf6 5. Nf3 c6 6. Bg5 Bg4 7. Be2 Nbd7 8.
Qd2 e6 9. Bf4 Qb4 10. a3 Qb6 11. O-O Be7 12. Na4 Qd8 13. c4 O-O 14. Rad1 Nb6
15. Nxb6 Qxb6 16. Ne5 Bxe2 17. Qxe2 Rad8 18. Be3 Qc7 19. Bf4 Qb6 20. Be3 Qc7
21. Bf4 0-1

[Event "Benidorm 2009 - Open Master Bali"]
[Site "Benidorm"]
[Date "2009.12.06"]
[Round "6.2"]
[White "Longa Yauca, Javier"]
[Black "Agrest, Evgenij"]
[Result "0-1"]
[WhiteElo "2267"]
[BlackElo "2588"]
[PlyCount "95"]
[EventDate "2009.12.05"]
[EventType "swiss (rapid)"]
[EventRounds "11"]
[EventCountry "ESP"]
[Source "lmi"]
[SourceDate "2009.12.05"]

1. d4 d6 2. c4 e5 3. dxe5 dxe5 4. Qxd8+ Kxd8 5. Nf3 f6 6. Nc3 c6 7. e3 Na6 8.
Bd2 Nh6 9. O-O-O Kc7 10. h3 Be6 11. Ne4 Nf7 12. Be2 Be7 13. Bc3 Nb4 14. Kb1 Bf5
15. Nfd2 Ng5 16. f3 Rhd8 17. a3 Na6 18. Ka2 Nf7 19. g4 Be6 20. b4 Nb8 21. Kb2
Nd7 22. f4 exf4 23. exf4 Nb6 24. f5 Na4+ 25. Kc2 Nxc3 26. Kxc3 Bd7 27. c5 g6
28. fxg6 hxg6 29. Nc4 Be6 30. Rxd8 Rxd8 31. Rd1 Rh8 32. Bf1 Bd5 33. Ng3 Ng5 34.
Re1 Kd7 35. Ne3 Be6 36. Rd1+ Kc7 37. Bg2 b6 38. cxb6+ axb6 39. Rh1 Ra8 40. Nc2
Bd6 41. Ne4 Be5+ 42. Kd2 Nf7 43. Rf1 f5 44. gxf5 gxf5 45. Nf2 Nd6 46. Nd3 Bf6
47. Re1 Bb3 48. Ne5 0-1

[Event "Benidorm 2009 - Open Master Bali"]
[Site "Benidorm"]
[Date "2009.12.06"]
[Round "6.3"]
[White "Dreev, Alexey"]
[Black "Gelashvili, Tamaz"]
[Result "1/2-1/2"]
[WhiteElo "2655"]
[BlackElo "2610"]
[PlyCount "59"]
[EventDate "2009.12.05"]
[EventType "swiss (rapid)"]
[EventRounds "11"]
[EventCountry "ESP"]
[Source "lmi"]
[SourceDate "2009.12.05"]

1. d4 d6 2. e4 g6 3. Nf3 Bg7 4. c3 Nc6 5. Bb5 Bd7 6. O-O e5 7. Bg5 Nf6 8. Bxc6
Bxc6 9. dxe5 dxe5 10. Nxe5 Qxd1 11. Rxd1 Nxe4 12. Bf4 g5 13. Nxc6 gxf4 14. Nb4
Rd8 15. Rxd8+ Kxd8 16. Nd2 a5 17. Nc6+ bxc6 18. Nxe4 Ke7 19. Nd2 Rb8 20. Nc4 a4
21. Re1+ Kd7 22. a3 f5 23. Kf1 Rb5 24. Ke2 Rd5 25. h4 h5 26. Kf3 Rc5 27. Nd2
Rb5 28. Nc4 Rc5 29. Nd2 Rb5 30. Nc4 1/2-1/2

[Event "Benidorm 2009 - Open Master Bali"]
[Site "Benidorm"]
[Date "2009.12.06"]
[Round "6.4"]
[White "Bellia, Fabrizio"]
[Black "Plaskett, Harold James"]
[Result "1/2-1/2"]
[WhiteElo "2402"]
[BlackElo "2495"]
[PlyCount "108"]
[EventDate "2009.12.05"]
[EventType "swiss (rapid)"]
[EventRounds "11"]
[EventCountry "ESP"]
[Source "lmi"]
[SourceDate "2009.12.05"]

1. e4 c5 2. Nf3 d6 3. d4 cxd4 4. Nxd4 e6 5. Nc3 a6 6. Be2 Nf6 7. O-O Qc7 8. a4
Nc6 9. Be3 Be7 10. f4 Bd7 11. Nb3 b6 12. Qd2 O-O 13. Kh1 Rfd8 14. Rad1 Bc8 15.
Bf3 Rb8 16. Qf2 Na5 17. e5 dxe5 18. fxe5 Rxd1 19. Bxd1 Nc4 20. exf6 Bxf6 21.
Bf4 Be5 22. Bxe5 Nxe5 23. Be2 Bb7 24. Rd1 h6 25. Qd4 Ng6 26. Qd6 Qc8 27. a5
bxa5 28. Nc5 Nh4 29. Nxb7 Qxb7 30. Bf1 Nf5 31. Qxa6 Qxa6 32. Bxa6 Rxb2 33. Bd3
Rb8 34. Ra1 Rc8 35. Ra3 Ne3 36. Rxa5 f5 37. Ra3 e5 38. Ba6 Rd8 39. Ra2 Rd2 40.
Ne2 Kf8 41. Kg1 e4 42. g3 g5 43. Bb5 Ke7 44. Ra7+ Kf6 45. c3 Ke5 46. Re7+ Kf6
47. Rd7 Rb2 48. Ba6 Rb1+ 49. Kf2 Ng4+ 50. Kg2 Ne3+ 51. Kf2 Ng4+ 52. Kg2 Ne3+
53. Kf2 Nd1+ 54. Kg2 Ne3+ 1/2-1/2

[Event "Benidorm 2009 - Open Master Bali"]
[Site "Benidorm"]
[Date "2009.12.06"]
[Round "6.5"]
[White "Moskalenko, Viktor"]
[Black "Gonzalez De La Torre, Santiago"]
[Result "1/2-1/2"]
[WhiteElo "2538"]
[BlackElo "2402"]
[PlyCount "98"]
[EventDate "2009.12.05"]
[EventType "swiss (rapid)"]
[EventRounds "11"]
[EventCountry "ESP"]
[Source "lmi"]
[SourceDate "2009.12.05"]

1. d4 d5 2. c4 c6 3. e3 Nf6 4. Nc3 e6 5. Nf3 Nbd7 6. Qc2 Bd6 7. b3 O-O 8. Be2
a6 9. Bb2 e5 10. cxd5 cxd5 11. dxe5 Nxe5 12. Rd1 Qc7 13. Nxe5 Bxe5 14. Qd2 Rd8
15. Na4 b5 16. Bxe5 Qxe5 17. Nc5 Bg4 18. Qd4 Qh5 19. f3 Be6 20. O-O h6 21. Rd2
Ne8 22. Nd3 Nd6 23. Qe5 Qxe5 24. Nxe5 Rac8 25. Kf2 f6 26. Nd3 Ne4+ 27. fxe4
dxe4 28. Rfd1 exd3 29. Bxd3 Kf8 30. Be4 Ke7 31. Bb7 Rxd2+ 32. Rxd2 Rb8 33. Be4
a5 34. Ke2 Rc8 35. Kd1 Rc3 36. Ke2 a4 37. bxa4 bxa4 38. Bd5 Bxd5 39. Rxd5 Ra3
40. Rd2 Ke6 41. g4 f5 42. gxf5+ Kxf5 43. Kf3 g5 44. h3 Ke5 45. Rb2 h5 46. Rb5+
Kf6 47. Rb6+ Kf5 48. Rb5+ Kf6 49. Rb6+ Ke5 1/2-1/2

[Event "Benidorm 2009 - Open Master Bali"]
[Site "Benidorm"]
[Date "2009.12.07"]
[Round "7.1"]
[White "Tiviakov, Sergei"]
[Black "Recuero Guerra, David"]
[Result "1-0"]
[WhiteElo "2664"]
[BlackElo "2494"]
[PlyCount "96"]
[EventDate "2009.12.05"]
[EventType "swiss (rapid)"]
[EventRounds "11"]
[EventCountry "ESP"]
[Source "lmi"]
[SourceDate "2009.12.05"]

1. e4 e5 2. Nf3 d6 3. d4 exd4 4. Nxd4 Nf6 5. Nc3 Be7 6. Be2 O-O 7. O-O Re8 8.
f4 Bf8 9. Bf3 c5 10. Nb3 Nc6 11. Be3 Bf5 12. exf5 Rxe3 13. Qd2 Rxf3 14. Rxf3 d5
15. Ne2 Qd7 16. Kh1 Qxf5 17. Ng3 Qd7 18. c3 a5 19. Rd1 a4 20. Nc1 b5 21. Nd3
Bd6 22. Re1 Qc7 23. Nf5 Ne4 24. Qd1 Bf8 25. Nf2 Nf6 26. g4 Rd8 27. g5 Ne4 28.
Qc2 Nxf2+ 29. Rxf2 g6 30. Ng3 c4 31. f5 Bc5 32. fxg6 hxg6 33. Rf6 Ne5 34. Qe2
Re8 35. Qg2 Qd7 36. h3 Kg7 37. a3 Ba7 38. Nf1 Rh8 39. Rxe5 Rxh3+ 40. Nh2 Bb8
41. Qxd5 Rxh2+ 42. Kg1 Rh1+ 43. Kf2 Ba7+ 44. Ke2 Qg4+ 45. Qf3 Rh2+ 46. Kd1 Qg1+
47. Re1 Qc5 48. Rxg6+ fxg6 1-0

[Event "Benidorm 2009 - Open Master Bali"]
[Site "Benidorm"]
[Date "2009.12.07"]
[Round "7.2"]
[White "Pardo Simon, David"]
[Black "Dreev, Alexey"]
[Result "1/2-1/2"]
[WhiteElo "2334"]
[BlackElo "2655"]
[PlyCount "183"]
[EventDate "2009.12.05"]
[EventType "swiss (rapid)"]
[EventRounds "11"]
[EventCountry "ESP"]
[Source "lmi"]
[SourceDate "2009.12.05"]

1. e4 c5 2. Nf3 Nc6 3. d4 cxd4 4. Nxd4 Nf6 5. Nc3 d6 6. h3 e6 7. g4 d5 8. Bb5
Bd7 9. exd5 Nxd5 10. Nxd5 exd5 11. Be3 Be7 12. Qd2 O-O 13. Bd3 Nxd4 14. Bxd4
Bg5 15. Be3 Bxe3 16. fxe3 Qh4+ 17. Qf2 Qxf2+ 18. Kxf2 Rae8 19. Rhe1 h5 20. gxh5
Re5 21. Be2 Bxh3 22. Bf3 Bf5 23. Rad1 Be4 24. Bxe4 dxe4 25. Rh1 Rc8 26. c3 Rf5+
27. Ke2 Kh7 28. Rd7 Rb5 29. Rd2 Rcc5 30. h6 g6 31. Rf1 Rc7 32. Kd1 Kxh6 33. Kc2
Rh5 34. Rg1 Rh3 35. Rd4 Rxe3 36. Kd2 Rd3+ 37. Rxd3 exd3 38. Kxd3 Re7 39. c4 f5
40. b4 g5 41. c5 g4 42. b5 Kg5 43. c6 bxc6 44. bxc6 Rc7 45. Rc1 Kf4 46. Ke2 Ke4
47. Rc5 g3 48. Kf1 Kd4 49. Rxf5 Rxc6 50. Ra5 a6 51. Kg2 Kc4 52. Kxg3 Kb4 53.
Re5 Rf6 54. Re3 a5 55. Rb3+ Ka4 56. Re3 Rf1 57. Kg2 Ra1 58. Kf2 Rxa2+ 59. Ke1
Rc2 60. Kd1 Rc4 61. Re8 Kb3 62. Rb8+ Ka3 63. Kd2 Rc5 64. Rb7 Ka2 65. Ra7 Kb3
66. Rb7+ Ka3 67. Ra7 a4 68. Rb7 Rc4 69. Rb1 Ka2 70. Rb7 Rc5 71. Rb4 Ka3 72. Rb7
Rc4 73. Rb8 Ka2 74. Rb7 a3 75. Rb8 Rh4 76. Kc2 Rh2+ 77. Kc1 Rb2 78. Ra8 Rb4 79.
Kc2 Rc4+ 80. Kd2 Rc7 81. Rb8 Rh7 82. Kc2 Rh2+ 83. Kc1 Rb2 84. Ra8 Rb3 85. Kc2
Rf3 86. Rb8 Rf1 87. Rb7 Ka1 88. Rb3 a2 89. Rb8 Rb1 90. Ra8 Rb2+ 91. Kc1 Rb4 92.
Rc8 1/2-1/2

[Event "Benidorm 2009 - Open Master Bali"]
[Site "Benidorm"]
[Date "2009.12.07"]
[Round "7.3"]
[White "Gelashvili, Tamaz"]
[Black "Glek, Igor"]
[Result "1/2-1/2"]
[WhiteElo "2610"]
[BlackElo "2522"]
[PlyCount "129"]
[EventDate "2009.12.05"]
[EventType "swiss (rapid)"]
[EventRounds "11"]
[EventCountry "ESP"]
[Source "lmi"]
[SourceDate "2009.12.05"]

1. d4 Nf6 2. Nf3 g6 3. g3 d5 4. Bg2 Bg7 5. c4 c6 6. cxd5 cxd5 7. O-O Nc6 8. Nc3
Ne4 9. e3 Nxc3 10. bxc3 O-O 11. Nd2 Na5 12. Ba3 Be6 13. Re1 Rc8 14. Rc1 Re8 15.
Qa4 Bd7 16. Qb4 Bc6 17. c4 dxc4 18. Bxc6 Rxc6 19. Nxc4 Nxc4 20. Rxc4 Rxc4 21.
Qxc4 e6 22. Qa4 Qa8 23. Rc1 a6 24. Qd7 Rd8 25. Qc7 Bf8 26. Bxf8 Rxf8 27. Qb6
Rc8 28. Rb1 Rc6 29. Qxb7 Qxb7 30. Rxb7 Rc2 31. a3 g5 32. g4 Rc3 33. Kg2 Rxa3
34. Kg3 Ra2 35. Rd7 Kg7 36. d5 exd5 37. Rxd5 h6 38. f3 a5 39. h4 Kg6 40. Rd6+
Kg7 41. h5 a4 42. Ra6 Ra1 43. f4 a3 44. fxg5 hxg5 45. Kf3 a2 46. Kg2 Kh7 47.
Ra7 Kg7 48. Kh2 Kf6 49. Ra5 Re1 50. Rxa2 Rxe3 51. Ra5 Rf3 52. Kg2 Rf4 53. Kg3
Rf1 54. Rb5 Rg1+ 55. Kh3 Rf1 56. Rb4 Kg7 57. Kg2 Rc1 58. Rb5 Kh6 59. Rf5 Rc7
60. Rd5 Rc4 61. Kg3 Rc3+ 62. Kf2 Rc4 63. Kf3 Rf4+ 64. Kg3 Rf1 65. Rd6+ 1/2-1/2

[Event "Benidorm 2009 - Open Master Bali"]
[Site "Benidorm"]
[Date "2009.12.07"]
[Round "7.4"]
[White "Agrest, Evgenij"]
[Black "Illescas Cordoba, Miguel"]
[Result "1/2-1/2"]
[WhiteElo "2588"]
[BlackElo "2595"]
[PlyCount "81"]
[EventDate "2009.12.05"]
[EventType "swiss (rapid)"]
[EventRounds "11"]
[EventCountry "ESP"]
[Source "lmi"]
[SourceDate "2009.12.05"]

1. d4 d5 2. Nf3 Nf6 3. c4 c6 4. Nc3 dxc4 5. a4 Bf5 6. Ne5 Nbd7 7. Nxc4 Nb6 8.
Ne5 a5 9. e3 h6 10. g4 Bh7 11. Bg2 e6 12. h4 Nfd7 13. Nd3 Be7 14. Be4 Bxe4 15.
Nxe4 Nd5 16. Bd2 Qb6 17. Qc2 Nb4 18. Bxb4 Bxb4+ 19. Nxb4 Qxb4+ 20. Qc3 Qe7 21.
Qa3 Qxa3 22. Rxa3 Ke7 23. Ke2 Nf6 24. Nxf6 gxf6 25. Rb3 Rab8 26. Rc1 h5 27. Rc5
hxg4 28. Rxa5 Kd7 29. Ra7 Kc8 30. a5 Rxh4 31. a6 bxa6 32. Rxb8+ Kxb8 33. Rxf7
f5 34. Rf6 Rh2 35. Kf1 g3 36. fxg3 Rxb2 37. Rxe6 Kb7 38. Re7+ Kb6 39. Re8 Kb7
40. Re7+ Kb6 41. Re8 1/2-1/2

[Event "Benidorm 2009 - Open Master Bali"]
[Site "Benidorm"]
[Date "2009.12.07"]
[Round "7.5"]
[White "Colovic, Aleksandar"]
[Black "Moskalenko, Viktor"]
[Result "1/2-1/2"]
[WhiteElo "2443"]
[BlackElo "2538"]
[PlyCount "55"]
[EventDate "2009.12.05"]
[EventType "swiss (rapid)"]
[EventRounds "11"]
[EventCountry "ESP"]
[Source "lmi"]
[SourceDate "2009.12.05"]

1. d4 e6 2. c4 f5 3. g3 Nf6 4. Bg2 c6 5. Qc2 d5 6. Nh3 Bd6 7. Bf4 O-O 8. O-O
Be7 9. Nd2 Nh5 10. Nf3 Nxf4 11. Nxf4 Bd6 12. Nd3 Nd7 13. b4 Nf6 14. a4 Bd7 15.
Rab1 a6 16. e3 Qe7 17. Rfc1 Rfc8 18. Qb3 Ne4 19. Rc2 Be8 20. Rbc1 Rcb8 21. a5
Nf6 22. Nc5 Bf7 23. Ne5 Bxe5 24. dxe5 Nd7 25. Nxd7 Qxd7 26. cxd5 exd5 27. Qc3
Be6 28. Qd4 1/2-1/2

[Event "Benidorm 2009 - Open Master Bali"]
[Site "Benidorm"]
[Date "2009.12.07"]
[Round "8.1"]
[White "Dreev, Alexey"]
[Black "Tiviakov, Sergei"]
[Result "1/2-1/2"]
[WhiteElo "2655"]
[BlackElo "2664"]
[PlyCount "87"]
[EventDate "2009.12.05"]
[EventType "swiss (rapid)"]
[EventRounds "11"]
[EventCountry "ESP"]
[Source "lmi"]
[SourceDate "2009.12.05"]

1. d4 Nf6 2. c4 e6 3. Nc3 Bb4 4. Qc2 d5 5. cxd5 Qxd5 6. Nf3 Qf5 7. Qb3 c5 8. a3
Ba5 9. Qc4 Nbd7 10. b4 cxb4 11. axb4 Bd8 12. e3 O-O 13. Bd3 Nb6 14. Bxf5 Nxc4
15. Bd3 Nd5 16. Bxc4 Nxc3 17. Bb2 Nd5 18. b5 Bb6 19. O-O Bd7 20. Ne5 Rfd8 21.
Nxd7 Rxd7 22. Rfc1 Rc8 23. Bd3 Rxc1+ 24. Rxc1 Rc7 25. Rxc7 Nxc7 26. Kf1 Kf8 27.
Ke2 g6 28. Kd2 Ke7 29. Kc2 f5 30. Bc4 Nd5 31. Kd3 Bc7 32. g3 Nb6 33. Bb3 a6 34.
bxa6 bxa6 35. f3 a5 36. e4 fxe4+ 37. fxe4 Bd6 38. Bc3 Bb4 39. Bb2 Nd7 40. h3 e5
41. Bg8 exd4 42. Bxd4 Bd6 43. g4 h5 44. gxh5 1/2-1/2

[Event "Benidorm 2009 - Open Master Bali"]
[Site "Benidorm"]
[Date "2009.12.07"]
[Round "8.2"]
[White "Plaskett, Harold James"]
[Black "Gelashvili, Tamaz"]
[Result "1-0"]
[WhiteElo "2495"]
[BlackElo "2610"]
[PlyCount "71"]
[EventDate "2009.12.05"]
[EventType "swiss (rapid)"]
[EventRounds "11"]
[EventCountry "ESP"]
[Source "lmi"]
[SourceDate "2009.12.05"]

1. e4 d6 2. Nc3 g6 3. d4 Bg7 4. Nge2 Nc6 5. Be3 e5 6. dxe5 Nxe5 7. h3 Nf6 8.
Nd4 O-O 9. Qd2 d5 10. f4 Ned7 11. e5 Ne8 12. Nf3 c6 13. g4 Nc7 14. O-O-O f6 15.
e6 Nxe6 16. f5 Nc7 17. fxg6 hxg6 18. Bd3 Qe8 19. Rdf1 Ne6 20. h4 Ne5 21. h5
Nxf3 22. Rxf3 d4 23. hxg6 dxe3 24. Rxe3 Qd7 25. Qh2 Re8 26. Rh3 Kf8 27. Ne4 Ke7
28. Rh7 Qd4 29. Re1 Kd8 30. Nd6 Re7 31. Nf5 Qb4 32. c3 Qf4+ 33. Qxf4 Nxf4 34.
Rxe7 Nxd3+ 35. Kd2 Bf8 36. g7 1-0

[Event "Benidorm 2009 - Open Master Bali"]
[Site "Benidorm"]
[Date "2009.12.07"]
[Round "8.3"]
[White "Pap, Misa"]
[Black "Agrest, Evgenij"]
[Result "0-1"]
[WhiteElo "2501"]
[BlackElo "2588"]
[PlyCount "152"]
[EventDate "2009.12.05"]
[EventType "swiss (rapid)"]
[EventRounds "11"]
[EventCountry "ESP"]
[Source "lmi"]
[SourceDate "2009.12.05"]

1. e4 c6 2. d4 d5 3. Nd2 dxe4 4. Nxe4 Bf5 5. Ng3 Bg6 6. h4 h6 7. Nf3 Nd7 8. h5
Bh7 9. Bd3 Bxd3 10. Qxd3 e6 11. Bf4 Qa5+ 12. Bd2 Bb4 13. c3 Be7 14. c4 Qc7 15.
O-O-O Ngf6 16. Ne4 c5 17. Nxf6+ Nxf6 18. Kb1 cxd4 19. Nxd4 a6 20. Qe2 Rc8 21.
Rc1 O-O 22. g4 Rfd8 23. Nf3 Qc6 24. Ne5 Qe4+ 25. Qxe4 Nxe4 26. Be3 Bc5 27. Bxc5
Rxc5 28. f4 Rcc8 29. Rhd1 Nf2 30. Rxd8+ Rxd8 31. c5 f6 32. Ng6 Nd3 33. Rc4 e5
34. fxe5 fxe5 35. a3 Kf7 36. c6 bxc6 37. Rxc6 e4 38. Rxa6 Re8 39. Ra7+ Kf6 40.
Nh4 e3 41. Nf3 e2 42. Ra6+ Kf7 43. Rd6 e1=Q+ 44. Nxe1 Rxe1+ 45. Kc2 Ne5 46. a4
Re2+ 47. Kc3 Rxb2 48. Kxb2 Nc4+ 49. Kc3 Nxd6 50. Kd4 Ke6 51. Kc5 Ke5 52. Kc6
Nc4 53. Kc5 Na5 54. Kb5 Nb7 55. Kc6 Na5+ 56. Kb5 Nb3 57. Kb4 Nd4 58. Kc4 Nf3
59. Kc5 Nd2 60. Kb4 Kd6 61. Kb5 Ne4 62. Kb6 Nd2 63. Kb5 Nb3 64. Kc4 Na5+ 65.
Kb5 Nc6 66. Kb6 Kd5 67. Kb5 Nd4+ 68. Kb6 Nb3 69. Kb5 Kd6 70. Kc4 Na5+ 71. Kb5
Nc6 72. Kb6 Ne5 73. Kb5 Nxg4 74. a5 Kc7 75. Kc5 Nf6 76. Kd4 Nxh5 0-1

[Event "Benidorm 2009 - Open Master Bali"]
[Site "Benidorm"]
[Date "2009.12.07"]
[Round "8.4"]
[White "Pardo Simon, David"]
[Black "Glek, Igor"]
[Result "0-1"]
[WhiteElo "2334"]
[BlackElo "2522"]
[PlyCount "152"]
[EventDate "2009.12.05"]
[EventType "swiss (rapid)"]
[EventRounds "11"]
[EventCountry "ESP"]
[Source "lmi"]
[SourceDate "2009.12.05"]

1. e4 e6 2. d4 d5 3. Nc3 Nf6 4. Bg5 Bb4 5. e5 h6 6. Bd2 Bxc3 7. bxc3 Ne4 8. Qg4
g6 9. Nf3 c5 10. Bd3 Nxd2 11. Kxd2 Bd7 12. h4 c4 13. Be2 Bc6 14. Qf4 Nd7 15.
Nh2 Qc7 16. Ng4 f5 17. Ne3 O-O-O 18. Qg3 Rhg8 19. f4 Rdf8 20. Qf2 h5 21. Nf1
Nb6 22. Rh3 Na4 23. Rg3 Qb6 24. Qe1 a5 25. Nh2 Nxc3 26. Rxc3 Qxd4+ 27. Kc1
Qxf4+ 28. Kb2 Qxh2 29. Bf3 Qf4 30. Rd1 Kc7 31. g3 Qh6 32. Qf2 Ra8 33. Qc5 Qf8
34. Rxc4 Qxc5 35. Rxc5 b5 36. Rc3 b4 37. Re3 Bb5 38. a3 Bc4 39. Rd4 Rgb8 40. a4
Kb6 41. Re1 Kc5 42. Red1 Ra7 43. R1d2 Rg7 44. Rd1 Rh8 45. R4d2 g5 46. Rh2 g4
47. Be2 f4 48. gxf4 g3 49. Rg2 Bxe2 50. Rxe2 Rf8 51. Rf1 g2 52. Rg1 Rxf4 53.
Rexg2 Rxg2 54. Rxg2 Rxh4 55. Rg6 Re4 56. Rxe6 Kd4 57. Ra6 Rxe5 58. Rxa5 h4 59.
Rb5 Rh5 60. Rxb4+ Kc5 61. Kc3 h3 62. Rb1 h2 63. Rh1 Rh3+ 64. Kd2 Kb4 65. Ke2
Kxa4 66. Kf1 Kb4 67. Kg2 Rh5 68. Rb1+ Kc3 69. Kh1 Kxc2 70. Rb5 Kc3 71. Rc5+ Kb4
72. Rc8 d4 73. Rc7 d3 74. Rd7 Kc4 75. Rc7+ Kd4 76. Rd7+ Rd5 0-1

[Event "Benidorm 2009 - Open Master Bali"]
[Site "Benidorm"]
[Date "2009.12.07"]
[Round "8.5"]
[White "Moskalenko, Viktor"]
[Black "Granero Roca, Antonio"]
[Result "1-0"]
[WhiteElo "2538"]
[BlackElo "2450"]
[PlyCount "111"]
[EventDate "2009.12.05"]
[EventType "swiss (rapid)"]
[EventRounds "11"]
[EventCountry "ESP"]
[Source "lmi"]
[SourceDate "2009.12.05"]

1. d4 Nf6 2. c4 c5 3. d5 b5 4. Qc2 d6 5. e4 bxc4 6. Bxc4 g6 7. Nf3 Nbd7 8. O-O
Bg7 9. Nc3 O-O 10. h3 Rb8 11. Bf4 Ne8 12. Rad1 Qa5 13. Bd2 Qb6 14. Bc1 Ba6 15.
Bxa6 Qxa6 16. Rfe1 Nc7 17. Bf4 f6 18. Nd2 Nb5 19. Nxb5 Qxb5 20. b3 Nb6 21. Rb1
Qa6 22. a4 Rb7 23. Nc4 Rfb8 24. Na3 Nd7 25. Bd2 Ne5 26. Nb5 Qb6 27. Bc3 Nd7 28.
Na3 Qa6 29. a5 Rf8 30. Nc4 Ne5 31. Bxe5 fxe5 32. g3 Bh6 33. Kg2 Rb4 34. h4 Qc8
35. f3 Qb7 36. h5 Rb8 37. hxg6 Rxb3 38. a6 Qb4 39. Rxb3 Qxb3 40. Qxb3 Rxb3 41.
Rh1 Bg5 42. gxh7+ Kh8 43. Kh3 Kxh7 44. Kg4+ Bh6 45. Na5 Rb8 46. Nc6 Rg8+ 47.
Kh3 Bg5 48. Nxa7 Ra8 49. Nc6 Rxa6 50. Kg4+ Kg6 51. Rh8 c4 52. Rg8+ Kf6 53. Rxg5
Ra8 54. Rf5+ Kg6 55. Nxe7+ Kg7 56. Rh5 1-0

[Event "Benidorm 2009 - Open Master Bali"]
[Site "Benidorm"]
[Date "2009.12.07"]
[Round "9.1"]
[White "Tiviakov, Sergei"]
[Black "Plaskett, Harold James"]
[Result "1-0"]
[WhiteElo "2664"]
[BlackElo "2495"]
[PlyCount "85"]
[EventDate "2009.12.05"]
[EventType "swiss (rapid)"]
[EventRounds "11"]
[EventCountry "ESP"]
[Source "lmi"]
[SourceDate "2009.12.05"]

1. e4 d6 2. d4 g6 3. c3 Bg7 4. Nf3 Nc6 5. d5 Ne5 6. Nxe5 Bxe5 7. Nd2 c6 8. Nf3
Bg7 9. Bg5 Nf6 10. Bd3 Qa5 11. dxc6 bxc6 12. O-O Bg4 13. Bf4 O-O 14. h3 Bd7 15.
Re1 e5 16. Bg5 h6 17. Bd2 Be6 18. c4 Qb6 19. b4 Nh5 20. Rc1 Nf4 21. Bf1 Rad8
22. a4 g5 23. b5 f5 24. Bxf4 exf4 25. exf5 Bxf5 26. Bd3 Bc8 27. Re7 Qc5 28. Qe1
Bf6 29. Re2 g4 30. hxg4 Bxg4 31. Be4 cxb5 32. Bd5+ Kh8 33. axb5 Rg8 34. Bxg8
Bxf3 35. Re8 Bh5 36. Bf7+ Kg7 37. Bxh5 Qxh5 38. Rxd8 Bxd8 39. Qd2 Qg5 40. Re1
Qf6 41. c5 Bc7 42. c6 Bb6 43. Qe2 1-0

[Event "Benidorm 2009 - Open Master Bali"]
[Site "Benidorm"]
[Date "2009.12.07"]
[Round "9.2"]
[White "Glek, Igor"]
[Black "Agrest, Evgenij"]
[Result "1/2-1/2"]
[WhiteElo "2522"]
[BlackElo "2588"]
[PlyCount "90"]
[EventDate "2009.12.05"]
[EventType "swiss (rapid)"]
[EventRounds "11"]
[EventCountry "ESP"]
[Source "lmi"]
[SourceDate "2009.12.05"]

1. e4 c6 2. d4 d5 3. e5 c5 4. dxc5 Nc6 5. f4 e6 6. Be3 Nh6 7. Bd3 d4 8. Bf2
Bxc5 9. a3 Bb6 10. Nd2 O-O 11. Qh5 f5 12. exf6 Qxf6 13. Nh3 Nf5 14. Ng5 Qh6 15.
Qxh6 gxh6 16. Ngf3 Ne3 17. Bxe3 dxe3 18. Nc4 Rxf4 19. Nxb6 axb6 20. Ke2 e5 21.
Kxe3 Rg4 22. g3 Be6 23. Be4 Bf7 24. Rhd1 Bg6 25. Bxg6 Rxg6 26. Rd7 Rf8 27. Rad1
Rgf6 28. Nh4 e4 29. Rxb7 Ne5 30. Rd4 Ng4+ 31. Kxe4 Rf2 32. Kd3 h5 33. h3 Ne5+
34. Kc3 Rc8+ 35. Kb3 Nc6 36. Rd5 Na5+ 37. Rxa5 bxa5 38. c3 Re8 39. Ka4 Re3 40.
Rb8+ Kf7 41. Rb7+ Kg8 42. Rb8+ Kf7 43. Rb7+ Kg8 44. Rb8+ Kf7 45. Rb7+ Kg8
1/2-1/2

[Event "Benidorm 2009 - Open Master Bali"]
[Site "Benidorm"]
[Date "2009.12.07"]
[Round "9.3"]
[White "Colovic, Aleksandar"]
[Black "Dreev, Alexey"]
[Result "1/2-1/2"]
[WhiteElo "2443"]
[BlackElo "2655"]
[PlyCount "55"]
[EventDate "2009.12.05"]
[EventType "swiss (rapid)"]
[EventRounds "11"]
[EventCountry "ESP"]
[Source "lmi"]
[SourceDate "2009.12.05"]

1. d4 d5 2. c4 c6 3. Nc3 Nf6 4. cxd5 cxd5 5. Bf4 Nc6 6. e3 a6 7. Bd3 e6 8. Rc1
Be7 9. h3 O-O 10. Nf3 Bd7 11. O-O Qa5 12. a3 Rfc8 13. Ne5 Be8 14. Bg5 b5 15. f4
b4 16. axb4 Qxb4 17. Rf2 h6 18. Bxf6 Bxf6 19. Qh5 Qe7 20. Ra1 a5 21. Na4 Rab8
22. Nc5 Bxe5 23. fxe5 Qg5 24. Qxg5 hxg5 25. Ba6 Rc7 26. Bf1 Ra7 27. Ra3 Nd8 28.
Na6 1/2-1/2

[Event "Benidorm 2009 - Open Master Bali"]
[Site "Benidorm"]
[Date "2009.12.07"]
[Round "9.4"]
[White "Kovacevic, Slobodan"]
[Black "Moskalenko, Viktor"]
[Result "1/2-1/2"]
[WhiteElo "2379"]
[BlackElo "2538"]
[PlyCount "37"]
[EventDate "2009.12.05"]
[EventType "swiss (rapid)"]
[EventRounds "11"]
[EventCountry "ESP"]
[Source "lmi"]
[SourceDate "2009.12.05"]

1. d4 d5 2. Bf4 c6 3. e3 e6 4. Nd2 Bd6 5. Bg3 f5 6. Bd3 Nf6 7. Ngf3 O-O 8. c3
Ne4 9. Bxd6 Nxd6 10. Ne5 Nd7 11. Nxd7 Bxd7 12. Nf3 Nf7 13. O-O Qe7 14. c4 g5
15. g3 g4 16. Nh4 Ng5 17. f3 gxf3 18. Nxf3 Nxf3+ 19. Qxf3 1/2-1/2